Jeremias|Grüne Augen lügen nicht (lyrics) - Statistiken

Allgemein
  • Dieses Quiz wurde 122 mal gespielt
  • Das Durchschnittsergebnis liegt bei 112 aus 175
Antwortstatistiken
Hint Antwort % Korrekt
nicht
97%
Augen
95%
grüne
95%
lügen
95%
ich
88%
Ich
88%
Outro | Refrain Und
81%
und
81%
seh
77%
dich
76%
die
74%
Die
74%
1. Strophe Was
70%
was
70%
du
69%
grade
69%
mir
69%
an
68%
es
68%
In
68%
in
68%
dein
66%
soll
66%
Zeit
66%
ist
65%
Wenn
65%
wenn
65%
das
64%
hat
62%
jetzt
62%
Wir
62%
ja
59%
der
57%
für
57%
Für
57%
Will
57%
brauch
55%
dieser
54%
Namen
54%
Stadt
54%
vor
54%
deine
53%
gar
53%
jedes
53%
Kennzeichen
53%
Anfangsbuchstaben
51%
aus
51%
unserer
51%
zu
51%
sein
50%
Wieso
50%
4
49%
fucking
49%
Gesicht
49%
Hätte
49%
Kopf
49%
Zigaretten
49%
Dachgeschosswohnung
47%
Grund
47%
meiner
47%
weiterhelfen
47%
Arm
46%
Hausnummer
46%
rauchen
46%
auch
45%
hab
45%
kann
45%
lieber
45%
meinen
45%
schau
45%
Langeweile
43%
würd
43%
Angst
42%
Dokus
42%
Falten
42%
ichs
42%
könnte
42%
leg
42%
meinem
42%
sex
42%
viel
42%
after
41%
lächelst
41%
lassen
41%
Oh
41%
zur
41%
baby
39%
Raum
39%
vergessen
39%
and
38%
gib
38%
Gib
38%
selben
38%
years
38%
Uhrzeit
36%
Jahr
35%
letztes
35%
Stillstand
35%
Lippen
34%
Stagnation
34%
Strahl´n
34%
Duft
31%
Keine übereinstimmenden Quizze gefunden
Verteilung der Resultate
Anzahl Personen mit jedem Resultat
Perzentil nach korrekt beantworteten Fragen
Ihre Resultats-Entwicklung
Sie haben dieses Quiz noch nicht gespielt